O nekotoryh voprosah struktury predloženiâ v tûrkskih âzykah

Elmentve itt :
Bibliográfiai részletek
Szerző: Sevortân Èrvand Vladimirovič
Dokumentumtípus: Cikk
Megjelent: 1961
Sorozat:Issledovaniâ po sravnitel'noj grammatike tûrkskih âzykov
Kulcsszavak:Török nyelv - mondattan
Tárgyszavak:
Online Access:http://misc.bibl.u-szeged.hu/64748
LEADER 00845nab a2200229 i 4500
001 misc64748
005 20231019150035.0
008 230704s1961 hu o 0|| rus d
040 |a SZTE Miscellanea Repozitórium  |b hun 
041 |a rus 
100 1 |a Sevortân Èrvand Vladimirovič 
245 1 0 |a O nekotoryh voprosah struktury predloženiâ v tûrkskih âzykah  |h [elektronikus dokumentum] /  |c  Sevortân Èrvand Vladimirovič 
260 |c 1961 
300 |a 5-18  |c 27 cm 
300 |a [14] p.  |c 27 cm 
490 0 |a Issledovaniâ po sravnitel'noj grammatike tûrkskih âzykov 
561 |a Németh Gyula hagyaték 
591 |a NOA 5559; LOA 3802 
650 4 |a Bölcsészettudományok 
650 4 |a Nyelvek és irodalom 
695 |a Török nyelv - mondattan 
856 4 0 |u http://misc.bibl.u-szeged.hu/64748/1/5559_noa.pdf  |z Dokumentum-elérés